000 00800nam a22002297a 4500
999 _c658
_d658
003 AR-CdUCM
008 190225b ||||| |||| 00| 0 spa d
040 _aMUNICIPALIDAD PROVINCIAL DEL CUSCO
_cBIBLIOTECA MUNICIPAL DEL CUSCO
082 _23ed.
_a802.82 /
_bC72
100 _aCocteau, Jean
_92551
245 _aTeatro :
_bLos padres terribles,
_bLos Mounstros Sagrados,
_bLa maquina de escribir /
_cCocteau, Jean
260 _aBuenos Aires :
_bLosada,
_c1956.
300 _a251 paginas ;
_c25cm.
500 _agran Teatro del Mundo
505 _aLos padres terribles -- Los monstruos sagrados -- La máquina de escribir
650 _aTeatro
_9173
650 _aSociedad
_953
650 _aLiteratura
_983
700 _aBernárdez, Aurora
_92552
942 _2ddc
_cLIBROS
945 _apjha
_d2019-02-25